| 000 | 00992nam a2200301 a 4500 | ||
|---|---|---|---|
| 001 | 24901 | ||
| 003 | CO-ViMGA | ||
| 008 | 141112s2004 ck r 000 u spa d | ||
| 020 | _a9789588654270 | ||
| 040 |
_aCO-ViMGA _bspa _cCO-ViMGA |
||
| 041 | _aSPA | ||
| 090 | _aA BRO2 | ||
| 100 | 1 |
_aBrown, Ruth _937291 |
|
| 245 | 1 | 0 |
_aDiez semillas / _ctexto e ilustraciones Ruth Brown ; traducción Mari Luz Ponce |
| 250 | _a1a ed. | ||
| 260 |
_aBogotá : _bColsubsidio, _c2012 |
||
| 300 | _a22 p. : il. col. : il. | ||
| 500 | _aTítulo original : Ten Seeds. | ||
| 650 | 1 | 4 |
_aANIMALES - LIBROS DE IMAGENES _937292 |
| 650 | 1 | 4 |
_aDESDE LOS 3 AÑOS _937293 |
| 650 | 1 | 4 |
_aGERMINACION - ENSEÑANZA ELEMENTAL _937294 |
| 650 | 1 | 4 |
_aNUMEROS - LIBROS DE IMAGENES _937295 |
| 650 | 1 | 4 |
_aPLANTAS - ENSEÑANZA ELEMENTAL - LIBROS DE IMAGENES _937296 |
| 650 | 1 | 4 |
_aSEMILLAS - LIBROS DE IMAGENES _937297 |
| 700 | 1 |
_aBrown, Ruth _937291 |
|
| 700 | 1 |
_aPonce Hernández, Mari Luz _937298 |
|
| 942 |
_2ddc _cBK |
||
| 999 |
_c2505 _d2505 |
||